000 00304nam a2200133Ia 4500
100 _aAgarwal/M.L/ Sen/Kanwar
942 _cBK
245 _aRecent developments in Operational Research
260 _bNarosa Publication House
_c2001
082 _bAGA
300 _a435
546 _aENGLISH
999 _c28760
_d28760